| 000 | 00595cam a22001577a 4500 | ||
|---|---|---|---|
| 008 | 180718b2009 xxu||||| |||| 00| 0 eng d | ||
| 020 | _a0198060246 | ||
| 082 | _aP42x54 P22 | ||
| 245 |
_aConcerns, conflicts, and cohesions: universalization of elementary education in India _cedited by Preet Rustagi |
||
| 260 |
_aOxford University Press _bNew Delhi _c2009 |
||
| 300 | _a350p. | ||
| 650 | _aEducation, Elementary --Government policy --India --Congresses | ||
| 650 | _aInclusive education --India --Congresses | ||
| 650 | _aEducation, Elementary --India --Congresses | ||
| 700 | _aRustagi, Preet | ||
| 999 |
_c413827 _d413827 |
||